Defunct NHL Teams - Statistics

General Stats
  • This quiz has been taken 257 times
  • The average score is 12 of 19
Answer Stats
Years Team % Correct
1979-1995 Quebec Nordiques
89%
1999-2011 Atlanta Thrashers
86%
1979-1997 Hartford Whalers
86%
1979-1996 Winnipeg Jets (Original)
85%
1967-1993 Minnesota North Stars
80%
1972-1980 Atlanta Flames
77%
1967-1976 California Golden Seals
75%
1924-1938 Montreal Maroons
72%
1976-1982 Colorado Rockies
65%
1917-1934 Ottawa Senators (Original)
64%
1976-1978 Cleveland Barons
62%
1974-1976 Kansas City Scouts
59%
1925-1942 Brooklyn Americans
56%
1917-1918 Montreal Wanderers
51%
1920-1925 Hamilton Tigers
50%
1925-1930 Pittsburgh Pirates
46%
1919-1920 Quebec Bulldogs
44%
1934-1935 St. Louis Eagles
42%
1930-1931 Philadelphia Quakers
41%
No matching quizzes found
Score Distribution
Percent of People with Each Score
Percentile by Number Answered
Your Score History
You have not taken this quiz